|
|
|
|
| LEADER |
00845nam a22002177a 4500 |
| 001 |
AAL2397 |
| 003 |
BD-DhAAL |
| 005 |
20161002112003.0 |
| 008 |
160319s 1994bg a|||| |||| 00| 0 ben d |
| 040 |
|
|
|a BD-DhAAL
|c BD-DhAAL
|
| 082 |
|
|
|a 891.444
|
| 245 |
|
|
|a একুশের প্রবন্ধ ১৯৮৪ /
|c বাংলা একাডেমী
|
| 260 |
|
|
|a ঢাকা :
|b বাংলা একাডেমী,
|c ১৯৮৪
|
| 300 |
|
|
|a ৯৬ পৃ. ;
|c ২২ সে.মি.
|
| 541 |
|
|
|e 2397
|
| 650 |
|
|
|a Bengali essay
|9 18186
|
| 710 |
|
|
|a বাংলা একাডেমী
|9 18680
|
| 852 |
|
|
|a Savar Campus Library
|c General Shelf
|
| 942 |
|
|
|2 ddc
|c BK
|
| 999 |
|
|
|c 37185
|d 37185
|
| 952 |
|
|
|0 0
|1 0
|2 ddc
|4 0
|6 891_444000000000000_EKU
|7 0
|9 58462
|a SCL
|b SCL
|c GEN
|d 2016-03-20
|g 20.00
|l 0
|o 891.444 EKU
|p 3020002397
|r 2016-03-20
|t 1
|w 2016-03-20
|y BK
|